| 000 | 01044cam a22003137a 4500 | ||
|---|---|---|---|
| 001 | 6483 | ||
| 003 | FISKH | ||
| 005 | 20250506111737.0 | ||
| 008 | 110308s2012 flua j 000 1 eng | ||
| 010 | _a 2011924663 | ||
| 020 | _a9781617418129 | ||
| 020 | _a9781612360164 | ||
| 040 |
_aDLC _cDLC _dDLC _beng |
||
| 050 | _aPZ7.K666 EB | ||
| 082 | _a813 | ||
| 100 | 1 | _aKoontz, Robin. | |
| 245 | 1 | 4 |
_aThe three little recyclers / _cwritten and illustrated by Robin Koontz. |
| 260 |
_aVero Beach : _bRourke Publishing, _c2012. |
||
| 300 |
_a24 pages : _bcolor illustrations ; _c21 cm |
||
| 490 | 0 | _aLittle birdie books | |
| 505 | _aJ | ||
| 520 | _aThis Fluent Reader Retells A Classic Story. Teaching Focus, Words To Know Before You Read, Comprehension And Extension Activities. Inside Front And Back Cover Parent And Teacher Support. | ||
| 521 | 8 |
_a480
_bLexile |
|
| 521 | 8 |
_aJ
_bRaz-Plus |
|
| 650 |
_aEarth Day _vFairy Tales |
||
| 906 |
_a0 _bibc _corignew _d4 _eepcn _f20 _gy-gencatlg |
||
| 942 |
_2ddc _cBK _n0 |
||
| 999 |
_c6483 _d6483 |
||